Thermal & Radio active pollution : (Record no. 131912)
[ view plain ]
| 000 -LEADER | |
|---|---|
| fixed length control field | 00894nam a22002537a 4500 |
| 005 - DATE AND TIME OF LATEST TRANSACTION | |
| control field | 20170124110145.0 |
| 010 ## - LIBRARY OF CONGRESS CONTROL NUMBER | |
| LC control number | A-799659 |
| 020 ## - INTERNATIONAL STANDARD BOOK NUMBER | |
| Terms of availability | 70.00 |
| International Standard Book Number | 8185842434 |
| 035 ## - SYSTEM CONTROL NUMBER | |
| System control number | A-799659 |
| 037 ## - SOURCE OF ACQUISITION | |
| Source of stock number/acquisition | Cen Lib/Ret |
| 040 ## - CATALOGING SOURCE | |
| Original cataloging agency | DPL |
| Language of cataloging | EN |
| 082 ## - DEWEY DECIMAL CLASSIFICATION NUMBER | |
| Classification number | 628.1685 |
| Item number | SHA |
| 100 ## - MAIN ENTRY--PERSONAL NAME | |
| Personal name | Sharma, B. K |
| 9 (RLIN) | 1112 |
| 245 ## - TITLE STATEMENT | |
| Title | Thermal & Radio active pollution : |
| Statement of responsibility, etc | by B. K. Sharma [and] H. Kaur ;edited by Manjula Sharma |
| Remainder of title | for degree honours post graduate and B.E.students of various universities / |
| 260 ## - PUBLICATION, DISTRIBUTION, ETC. (IMPRINT) | |
| Place of publication, distribution, etc | Meerut |
| Name of publisher, distributor, etc | Krishna Prakshan Mandir |
| Date of publication, distribution, etc | 1994 |
| 270 ## - ADDRESS | |
| Address | 11, Shivaji Road |
| City | Meerut |
| 300 ## - PHYSICAL DESCRIPTION | |
| Extent | x,205p. : |
| Dimensions | 21cm(Hb) |
| Other physical details | ill. |
| 500 ## - GENERAL NOTE | |
| General note | Includes bibliographical references and index |
| 650 ## - SUBJECT ADDED ENTRY--TOPICAL TERM | |
| Topical term or geographic name as entry element | Thermal pollution |
| 9 (RLIN) | 33180 |
| 650 ## - SUBJECT ADDED ENTRY--TOPICAL TERM | |
| Topical term or geographic name as entry element | Radio active pollution |
| 9 (RLIN) | 33181 |
| 700 ## - ADDED ENTRY--PERSONAL NAME | |
| Personal name | Kaur, H |
| 9 (RLIN) | 94728 |
| 700 ## - ADDED ENTRY--PERSONAL NAME | |
| Personal name | Sharma, Manjula |
| 9 (RLIN) | 94729 |
| 942 ## - ADDED ENTRY ELEMENTS (KOHA) | |
| Source of classification or shelving scheme | Dewey Decimal Classification |
| Koha item type | English Books |
| Classification part | 628.1685 |
| Call number suffix | SHA |
| Withdrawn status | Lost status | Damaged status | Not for loan | Home library | Current library | Date acquired | Source of acquisition | Cost, normal purchase price | Total Checkouts | Full call number | Barcode | Date last seen | Copy number | Cost, replacement price | Price effective from | Koha item type | Public note |
|---|---|---|---|---|---|---|---|---|---|---|---|---|---|---|---|---|---|
| Written off | Central Library | Central Library | 16/07/2015 | Cen Lib/Ret | 70.00 | 628.1685 SHA | A-799659 | 16/07/2015 | 1 | 70.00 | 16/07/2015 | English Books | Written off on approval by DLB (By Circulation); dtd 15-06-2023 |
